|
|
|
|
| LEADER |
00000nam0a2200000 4500 |
| 001 |
256087 |
| 005 |
20231101233102.0 |
| 035 |
|
|
|a (RuTPU)RU\TPU\book\278728
|
| 090 |
|
|
|a 256087
|
| 100 |
|
|
|a 20140404d1987 k y0rusy50 ca
|
| 101 |
0 |
|
|a rus
|
| 102 |
|
|
|a LV
|
| 105 |
|
|
|a a z 001zy
|
| 200 |
1 |
|
|a Технология роботизированного производства
|e сборник научных трудов
|f Рижский политехнический институт
|
| 210 |
|
|
|a Рига
|c Изд-во Рижского политехнического ин-та
|d 1987
|
| 215 |
|
|
|a 108 с.
|c ил.
|
| 320 |
|
|
|a Библиография в конце статей
|
| 606 |
1 |
|
|a Робототехника
|2 stltpush
|3 (RuTPU)RU\TPU\subj\25261
|9 49463
|
| 610 |
1 |
|
|a роботы
|
| 610 |
1 |
|
|a роботы манипуляторы
|
| 610 |
1 |
|
|a роботизированное производство
|
| 610 |
1 |
|
|a роботизированные комплексы
|
| 675 |
|
|
|a 621.865.8
|v 3
|
| 712 |
0 |
2 |
|a Рижский политехнический институт
|2 stltpush
|3 (RuTPU)RU\TPU\col\7561
|9 24345
|
| 801 |
|
1 |
|a RU
|b 63413507
|c 20140404
|
| 801 |
|
2 |
|a RU
|b 63413507
|c 20140717
|g RCR
|
| 942 |
|
|
|c BK
|